A "nehezen nevelhető" gyermekek
Elmentve itt :
| Szerző: | |
|---|---|
| További közreműködők: | |
| Dokumentumtípus: | Szakdolgozat |
| Megjelent: |
1997
|
| Tárgyszavak: | |
| Online Access: | http://diploma.bibl.u-szeged.hu/87952 |
| LEADER | 00553nta a2200169 i 4500 | ||
|---|---|---|---|
| 001 | dipl87952 | ||
| 005 | 20200623125156.0 | ||
| 008 | 200527s1997 hu om 0|| zxx d | ||
| 040 | |a SZTE Diploma Repozitórium |b hun | ||
| 041 | |a zxx | ||
| 100 | 1 | |a Megyesi Beáta | |
| 245 | 1 | 2 | |a A "nehezen nevelhető" gyermekek |h [elektronikus dokumentum] / |c Beáta Megyesi |
| 260 | |c 1997 | ||
| 650 | 4 | |a Társadalomtudomány | |
| 650 | 4 | |a Psychology | |
| 700 | 1 | |a Török Imre |e ths | |
| 856 | 4 | 0 | |u http://diploma.bibl.u-szeged.hu/id/eprint/87952/1/1997_megyesi_beata.pdf |z Dokumentum-elérés |